000 00862nam a2200253Ia 4500
003 OSt
005 20220923211115.0
006 a|||||r|||| 00| 0
007 ta
008 220922b |||||||| |||| 00| 0 hin d
020 _a8181433548 (hbk)
_c225
024 _a241,131
037 _b483, 05/03/2010, Vani Prakashan
_cTextual
040 _aARTS
_cARTS
_bhin
041 _2hin
_ahin
082 _aO152,3:g, P5
100 _aहरदयाल
_9158294
245 0 _aहिन्दी कहानी
_b परम्परा और प्रगति
246 _aHindī kahānī: paramparā aur pragati
260 _aनई दिल्ली
_b वाणी प्रकाशन
_c2005
300 _a216पृ.
_ccm.
942 _hO152,3:g, P5
_cTEXL
_2CC
999 _c295338
_d295338